000 00361nam a2200145Ia 4500
008 230917s9999||||xx |||||||||||||| ||und||
040 _e87808
_aMAIN
041 _aEnglish
082 _a005.72 Y2D
100 _aYarbrough, John M
245 0 _aDigital logic: Applications and design
260 _aSingapore
_bThomson
_c2001
300 _a698 p.
942 _cBK
999 _c115830
_d115830